00395nam a2200145Ia 4500008004100000020001500041041001200056082001600068100001900084245006100103260004700164300000800211650001400219700001600233221030s9999 xx 000 0 und d a0852260013 aEnglish a105.23bMuk aS. M. Mukherji 0aOrganic Chemistry Vol. Icby S. M. Mukherji, S. P. Singh bNew Age International PubaNew Delhic1997 a457 aChemistry aS. P. Singh